| 000 | 00568nam a22001817a 4500 | ||
|---|---|---|---|
| 003 | UA-OsUOA | ||
| 001 | 15536 | ||
| 007 | ta | ||
| 008 | 20031117b un ||||| |||| 00| 0 ukr d | ||
| 100 | _aЯкимович М. | ||
| 942 | _cSA | ||
| 040 |
_aUA-OsUOA _cUA-OsUOA _dUA-OsUOA |
||
| 245 | _a360-річний ювілей храму [Свято- Преображенської церкви в м.Дубно] | ||
| 300 | _aС.3 | ||
| 955 | _a0 | ||
| 773 | 0 |
_w0 _tДуховна нива _dРівне _d2003 _g№8/Верес./ |
|
| 650 | 7 |
_aКраєзнавча робота _2UDC |
|
| 999 |
_c301701 _d301701 |
||